000 00789nam a22002897a 4500
001 BR2016004473
003 BR-BrBNA
005 20230928105004.0
007 ta
008 230509b bl.||||| |||| 00| 0 por d
040 _aBR-BrBNA
_bpor
_cBiblioteca Nacional de Agricultura
041 _a(Por)
072 _aP10; M12
090 _ P10 BR2016004473
110 1 _aFurnas Centrais Elétricas, Rio de Janeiro, RJ (Brasil)
_95214
245 1 _aEstação de hidrobiologia e piscicultura
260 3 _aRio de Janeiro, RJ (Brasil):
300 _a23 p.
500 _a41 illus
650 _aPISCICULTURA
650 _aUSINA
650 _aHIDROELÉTRICA
650 _aENERGIA ELÉTRICA
650 _aESTAÇÃO EXPERIMENTAL
909 _a202309
_bLucia
_c55
_dLucia Elande
942 _cBK
999 _c82807
_d82807